| 000 | 00975cam a22002655a 4500 | ||
|---|---|---|---|
| 001 | 16091093 | ||
| 005 | 20201128023554.0 | ||
| 008 | 100212s2010 enka b 001 0 eng | ||
| 020 | _a9781405192156 | ||
| 020 | _a1405192151 | ||
| 040 |
_aDLC _cDLC _dBTCTA _dBWKUK _dYDXCP _dBWK _dBWX _dUKM _dDLC _dEG-ScBUE _beng |
||
| 082 | 0 | 4 |
_a333.338 _222 _bBLA |
| 245 | 0 | 4 |
_aThe Blackwell companion to the economics of housing : _bthe housing wealth of nations / _cedited by Susan J. Smith, Beverley A. Searle. |
| 260 |
_aChichester : _bWiley-Blackwell / John Wiley & Sons Publication, _c2010. |
||
| 300 |
_axxviii, 617 p. : _bill. ; _c26 cm. |
||
| 500 | _aIndex : p. 608-617. | ||
| 504 | _aIncludes bibliographical references. | ||
| 650 | 7 |
_aHousing. _2BUEsh _92073 |
|
| 650 | 0 |
_aHousing _xFinance. _2BUEsh |
|
| 651 | _2BUEsh | ||
| 653 |
_bBUSECO _cSeptember2015 _cOctober2015 |
||
| 700 | 1 |
_aSmith, Susan, _d1956-, _eeditor. |
|
| 700 | 1 |
_aSearle, Beverley A., _eeditor. _937719 |
|
| 942 | _2ddc | ||
| 999 |
_c20850 _d20822 |
||